|
|
|
|
| LEADER |
01056nam a2200265 a 4500 |
| 001 |
17166201 |
| 008 |
130804s2012 enka b 001 0 eng d |
| 010 |
|
|
|a 2012004466
|
| 020 |
|
|
|a 9781409441328 (hbk. : alk. paper)
|
| 020 |
|
|
|a 9781409441335 (ebook)
|
| 040 |
|
|
|a DLC
|c DLC
|d DLC
|d BD-DhAAL.
|
| 082 |
0 |
0 |
|a 307.76
|2 23
|
| 245 |
0 |
0 |
|a Urban informalities :
|b reflections on the formal and informal /
|c edited by Colin McFarlane, Michael Waibel.
|
| 260 |
|
|
|a Farnham ;
|a Burlington, VT :
|b Ashgate,
|c c2012.
|
| 300 |
|
|
|a xi, 201 p. :
|b ill. ;
|c 24 cm.
|
| 504 |
|
|
|a Includes bibliographical references and index.
|
| 541 |
|
|
|e 00027317
|
| 650 |
|
0 |
|a Urbanization.
|
| 650 |
|
0 |
|a Urbanization
|x Economic aspects.
|
| 650 |
|
0 |
|a Sociology, Urban.
|
| 700 |
1 |
|
|a McFarlane, Colin,
|d 1979-
|
| 700 |
1 |
|
|a Waibel, Michael.
|
| 852 |
1 |
|
|a Ayesha Abed Library
|j General shelf.
|
| 999 |
|
|
|c 13841
|d 13841
|
| 952 |
|
|
|0 0
|1 0
|4 0
|6 307_760000000000000_URB
|7 0
|9 23166
|a IGS
|b IGS
|c GEN
|d 2013-08-18
|e Karim International
|g 6760.00
|l 0
|o 307.76 URB
|p 3010027317
|r 2013-08-18
|t 1
|w 0000-00-00
|y BK
|x Available
|